000 00569cam a22002053a 4500
001 35258
003 PGUSA
005 20140828083747.0
008 110212s2011||||xxu|||||s|||||000 | eng d
040 _aPGUSA
_beng
042 _adc
100 1 _aMacNeal, Ward J.
245 1 0 _aContagious Abortion of Cows
_h[electronic resource] /
_cWard J. MacNeal
260 _bProject Gutenberg,
_c2011
506 _aPublic domain in the USA.
516 _aElectronic text
830 0 _aProject Gutenberg
_v35258
856 4 0 _uhttp://www.gutenberg.org/ebooks/35258
942 _cEB
999 _c264513
_d264513